Cultivos andinos subexplotados y su aporte a la alimentación

Uloženo v:
Podrobná bibliografie
Hlavní autor: Tapia, Mario E (Autor)
Médium: Kniha
Jazyk:španělština
Vydáno: Santiago Organización de las Naciones Unidas para la Agricultura y la Alimentación 1990
Vydání:1a. ed
Témata:
Tagy: Přidat tag
Žádné tagy, Buďte první, kdo vytvoří štítek k tomuto záznamu!

MARC

LEADER 00000cam a2200000 a 4500
001 UCD4553
003 CL-VaPUC
008 160713e19900000cl |||||||||||||||||spa|d
082 0 4 |a 630.98  |b TAP  |2 21 
100 0 |a Tapia, Mario E  |e author  |9 588276 
245 1 0 |a Cultivos andinos subexplotados y su aporte a la alimentación 
250 |a 1a. ed 
300 |a 205 p 
942 |c BK 
945 |d 20160713 20:53:00  |a dcastane 
260 |a Santiago  |b Organización de las Naciones Unidas para la Agricultura y la Alimentación  |c 1990 
650 0 |a Economía internacional  |9 258254 
650 0 |a Integración económica  |9 255024 
650 0 |a Agricultura  |9 255598 
650 0 |a Quinoa  |9 535251 
650 0 |a Amaranto   |9 588277 
650 7 |a KAÑIWA  |2 CL-VaPUC  |9 527799 
650 7 |a TARWI  |2 CL-VaPUC  |9 460340 
583 |a last modification  |c 20170828 09:32:57  |k Rodrigo Vera 
999 |c 365443  |d 365441 
952 |0 0  |1 0  |3 erb  |4 0  |6 630_980000000000000_TAP_1990  |7 0  |8 A  |9 479307  |a BIBAGR  |b BIBAGR  |i 5295300  |o 630.98 TAP 1990  |p 5295300  |r 2025-01-20  |w 2019-11-24  |y BK  |z Catalogado en:20160713  |k AGR